Náklady a výnosy podniku bakalárska práca

Guardado en:
Detalles Bibliográficos
Autor principal: Spörer, Juraj
Autor Corporativo: Fakulta podnikového manažmentu EU. Katedra podnikovohospodárska
Otros Autores: Serina, Pavol
Formato: Libro
Lenguaje:eslovaco
Publicado: Bratislava 2010
Etiquetas: Agregar Etiqueta
Sin Etiquetas, Sea el primero en etiquetar este registro!

MARC

LEADER 00000nbm a2200000 4500
001 0136588
005 20110913130605.2
041 0 |a slo 
044 |a SK 
245 1 0 |a Náklady a výnosy podniku  |b bakalárska práca  |c Juraj Spörer ; školiteľ: Pavol Serina 
264 1 |a Bratislava  |c 2010 
300 |a 55 s. 
100 1 |a Spörer, Juraj 
700 1 |a Serina, Pavol 
710 2 |a Fakulta podnikového manažmentu EU. Katedra podnikovohospodárska